| 000 | 00432nam a2200169Ia 4500 | ||
|---|---|---|---|
| 008 | 151213s9999 xx 000 0 und d | ||
| 020 | _a98470215-0006-2 | ||
| 100 | _aA. AM. Moniruzzaman | ||
| 245 |
_aThe Code of Civil Procedure _cA. AM. Moniruzzaman |
||
| 250 | _a5th | ||
| 260 |
_aDhaka _bMd. Mojibur Rahman _c2010 |
||
| 300 | _a7815 p. | ||
| 650 | _aLaw | ||
| 650 | _aLaw | ||
| 700 | _aA. AM. Moniruzzaman | ||
| 999 |
_c4040 _d4040 |
||